<?xml version="1.0" encoding="UTF-8"?>
<collection xmlns="http://www.loc.gov/MARC21/slim">
 <record>
  <leader>01413cam a2200337  a4500</leader>
  <controlfield tag="001">125551924</controlfield>
  <controlfield tag="003">DE-627</controlfield>
  <controlfield tag="005">20200317140459.0</controlfield>
  <controlfield tag="007">tu</controlfield>
  <controlfield tag="008">930613m19731973sz |||||      00| ||ger c</controlfield>
  <datafield tag="020" ind1=" " ind2=" ">
   <subfield code="a">3855720010</subfield>
   <subfield code="9">3-85572-001-0</subfield>
  </datafield>
  <datafield tag="020" ind1=" " ind2=" ">
   <subfield code="a">3791303422</subfield>
   <subfield code="9">3-7913-0342-2</subfield>
  </datafield>
  <datafield tag="035" ind1=" " ind2=" ">
   <subfield code="a">(DE-627)125551924</subfield>
  </datafield>
  <datafield tag="035" ind1=" " ind2=" ">
   <subfield code="a">(DE-576)9125551922</subfield>
  </datafield>
  <datafield tag="035" ind1=" " ind2=" ">
   <subfield code="a">(DE-599)GBV125551924</subfield>
  </datafield>
  <datafield tag="040" ind1=" " ind2=" ">
   <subfield code="a">DE-627</subfield>
   <subfield code="b">ger</subfield>
   <subfield code="c">DE-627</subfield>
   <subfield code="e">rakwb</subfield>
  </datafield>
  <datafield tag="041" ind1=" " ind2=" ">
   <subfield code="a">ger</subfield>
  </datafield>
  <datafield tag="044" ind1=" " ind2=" ">
   <subfield code="c">XA-CH</subfield>
   <subfield code="c">XA-DE</subfield>
  </datafield>
  <datafield tag="100" ind1="1" ind2=" ">
   <subfield code="a">Schiff, Gert</subfield>
   <subfield code="d">1926-1990</subfield>
   <subfield code="0">(DE-588)122200608</subfield>
   <subfield code="0">(DE-627)081799519</subfield>
   <subfield code="0">(DE-576)214105911</subfield>
   <subfield code="4">aut</subfield>
  </datafield>
  <datafield tag="245" ind1="1" ind2="0">
   <subfield code="a">Johann Heinrich Füssli</subfield>
   <subfield code="b">1741 - 1825</subfield>
   <subfield code="c">Gert Schiff</subfield>
  </datafield>
  <datafield tag="264" ind1=" " ind2="1">
   <subfield code="a">Zürich [u.a.]</subfield>
   <subfield code="b">Verl. Berichthaus [u.a.]</subfield>
   <subfield code="c">1973</subfield>
  </datafield>
  <datafield tag="336" ind1=" " ind2=" ">
   <subfield code="a">Text</subfield>
   <subfield code="b">txt</subfield>
   <subfield code="2">rdacontent</subfield>
  </datafield>
  <datafield tag="337" ind1=" " ind2=" ">
   <subfield code="a">ohne Hilfsmittel zu benutzen</subfield>
   <subfield code="b">n</subfield>
   <subfield code="2">rdamedia</subfield>
  </datafield>
  <datafield tag="338" ind1=" " ind2=" ">
   <subfield code="a">Band</subfield>
   <subfield code="b">nc</subfield>
   <subfield code="2">rdacarrier</subfield>
  </datafield>
  <datafield tag="600" ind1="1" ind2="7">
   <subfield code="0">(DE-588)118536745</subfield>
   <subfield code="0">(DE-627)079336736</subfield>
   <subfield code="0">(DE-576)208926801</subfield>
   <subfield code="a">Füssli, Johann Heinrich</subfield>
   <subfield code="d">1741-1825</subfield>
   <subfield code="2">gnd</subfield>
  </datafield>
  <datafield tag="655" ind1=" " ind2="7">
   <subfield code="a">Werkverzeichnis</subfield>
   <subfield code="0">(DE-588)4189680-4</subfield>
   <subfield code="0">(DE-627)104464909</subfield>
   <subfield code="0">(DE-576)210061456</subfield>
   <subfield code="2">gnd-content</subfield>
  </datafield>
  <datafield tag="700" ind1="1" ind2=" ">
   <subfield code="a">Füssli, Johann Heinrich</subfield>
   <subfield code="d">1741-1825</subfield>
   <subfield code="0">(DE-588)118536745</subfield>
   <subfield code="0">(DE-627)079336736</subfield>
   <subfield code="0">(DE-576)208926801</subfield>
   <subfield code="4">oth</subfield>
  </datafield>
  <datafield tag="787" ind1="0" ind2="8">
   <subfield code="i">Rezensiert in</subfield>
   <subfield code="a">Lankheit, Klaus, 1913 - 1992</subfield>
   <subfield code="t">[Rezension von: Gert Schiff, Johann Heinrich Füssli 1741-1825]</subfield>
   <subfield code="d">Nürnberg : Carl, 1974</subfield>
   <subfield code="w">(DE-627)1692693360</subfield>
  </datafield>
  <datafield tag="951" ind1=" " ind2=" ">
   <subfield code="a">MC</subfield>
  </datafield>
  <datafield tag="991" ind1=" " ind2=" ">
   <subfield code="a">Rezensiertes Werk</subfield>
  </datafield>
  <datafield tag="999" ind1=" " ind2=" ">
   <subfield code="a">KXP-PPN125551924</subfield>
   <subfield code="e">4022910895</subfield>
  </datafield>
 </record>
</collection>
